Which City in Pakistan? - Statistics

General Stats
  • This quiz has been taken 171 times
  • The average score is 10 of 16
Answer Stats
Description Letter City % Correct
Site of the declaration of the Indian independence and the establishment of Pakistan L Lahore
99%
Replaced the above as the nation's capital I Islamabad
97%
Jinnah International Airport serves this city K Karachi
97%
Was renamed in 1977 in honor of the third king of Saudi Arabia F Faisalabad
90%
There is a major city in southern India with the same name as this city in Sindh H Hyderabad
88%
Served as the capital of Pakistan between 1959–1967 R Rawalpindi
86%
An earthquake in 1935 devastated this city and killed over 30,000 people Q Quetta
82%
Is connected to Afghanistan's Jalalabad via the Khyber Pass P Peshawar
72%
Most populous city where the majority speak the Saraiki language M Multan
58%
Osama bin Laden was killed at a compound A Abbottabad
52%
City in Punjab known as the "City of Wrestlers" G Gujranwala
50%
Capital of the northernmost administrative territory of Pakistan G Gilgit
37%
This port city in Balochistan was an Omani possession between 1783–1958 G Gwadar
34%
Capital of the Azad Kashmir region M Muzaffarabad
23%
Most populous city in Pakistan with a Hindu-majority population U Umerkot
10%
This little town is the launchpad for mountaineering expeditions to K2 A Askole
5%
No matching quizzes found
Score Distribution
Percent of People with Each Score
Percentile by Number Answered
Your Score History
You have not taken this quiz